000 00341nam a2200157Ia 4500
003 OSt
005 20240314164653.0
008 170524s9999 xx 000 0 und d
020 _aNIL
040 _cIIMTU MEERUT
100 _aHorrell- Thomas W.
245 0 _aIndustrial Psychology
260 _bOxford
260 _c1960
942 _2ddc
_c02
999 _c6169
_d6169